000 01136nam a2200277Ia 4500
003 OSt
005 20220923211531.0
006 a|||||r|||| 00| 0
007 ta
008 220922b |||||||| |||| 00| 0 san d
020 _a9789381848517 (hbk)
_c750
024 _a274,634
037 _b52, 10/09/2013, Vidyanidhi Prakashan
_cTextual
040 _aARTS
_cARTS
_bsan
041 _2san
_asan
082 _aR631x2,1, 152Q3
100 _aईश्वर कृष्ण; ड्ढड›ी, सुधांशु कुमार, अनु.
_9160722
245 0 _aसान्न्यकारिका
246 _aSānnyakārikā
260 _aवाराणसी
_b चौखम्बा सुरभारती
_c2013
300 _a370पृ0
_ccm.
490 _aचौखम्बा सुरभारती ग्रन्थमाला
650 _aभारतीय दर्शन
942 _hR631x2,1, 152Q3
_cTEXL
_2CC
999 _c300531
_d300531